000 00587nmm a2200193Ia 4500
008 251105s9999||||xx |||||||||||||||||und||
020 _a9786071601209
041 _aspa
100 _aDewey, John
245 0 _aNaturaleza humana y conducta :
_b Introducción a la psicología social
264 _a[México D.C., Mexico] :
_bFondo de Cultura Económica,
_c2016
300 _a923 páginas
490 _aBreviarios
650 _aPsychology
700 _aDewey, John
700 1 _a Castillo Dibildox, Rafael
856 _uhttps://public.digitaliapublishing.com/a/64857
942 _cCF
999 _c64700
_d64700